000 00869cam a2200289M 4500
001 92702
005 20230410132921.0
008 091116s19779999sp 000 f spa d
020 _a8424903366
050 1 4 _aB 171
_bB582 1977
049 _aGRAL
100 1 _aOrosio.
130 1 _aBiblioteca Clásica Gredos.
245 1 0 _aHistorias :
_bLibros V-VII /
_cOrosio ; traducción y notas de Eustaquio Sánchez Salor.
260 _aMadrid :
_bGredos,
_c1977.
300 _a307 p. ;
_c19 cm.
440 0 _aBiblioteca clásica Gredos ;
_vn.54
504 _aIncluye referencias bibliográficas e índice.
505 0 _aLibros V-VII.
650 0 _aPhilosophy, Classical.
650 0 _aPhilosophy, Ancient.
700 1 _aSánchez Salor, Eustaquio.
938 _aYBP Library Services
_bYANK
_n2649724
942 _2lcc
_cbk
946 _amjcruz
994 _aC0
_bDRFGD
999 _c90159
_d90159